|
|
|
|
| LEADER |
01706nam a2200337 a 4500 |
| 001 |
17139 |
| 003 |
BD-DhAAL |
| 005 |
20250902141646.0 |
| 008 |
090520t20072013cau b 001 0 eng d |
| 010 |
|
|
|a 91026219
|
| 020 |
|
|
|a 0321396022
|
| 020 |
|
|
|a 9788131722329
|
| 040 |
|
|
|a DLC
|c DLC
|d BD-DhAAL
|
| 082 |
0 |
0 |
|a 579
|2 22
|
| 100 |
1 |
|
|a Tortora, Gerard J.
|
| 245 |
1 |
0 |
|a Microbiology :
|b an introduction /
|c Gerard J. Tortora, Berdell R. Funke, Christine L. Case.
|
| 250 |
|
|
|a Ninth edition.
|
| 260 |
|
|
|a New York;
|a India :
|b Pearson Benjamin/Cummings,
|c c2007[Fifth impression 2013].
|
| 300 |
|
|
|a xxvi, 958 pages :
|b ill. (some col.) ;
|c 29 cm
|
| 504 |
|
|
|a Includes bibliographical references and index.
|
| 526 |
|
|
|a MNS
|x Professor Naiyyum Choudhury
Department of Mathematics and Natural Sciences
BRAC University
|
| 541 |
1 |
|
|a Savar campus library
|e 00017139, 43594, 43595
|
| 650 |
|
0 |
|a Microbiology.
|
| 700 |
1 |
|
|a Funke, Berdell R.
|
| 700 |
1 |
|
|a Case, Christine L.,
|d 1948-
|
| 852 |
4 |
|
|a Ayesha Abed Library
|c General Stacks
|
| 942 |
|
|
|2 ddc
|c BK
|
| 999 |
|
|
|c 907
|d 907
|
| 952 |
|
|
|0 0
|1 1
|2 ddc
|4 0
|6 579_000000000000000_TOR
|7 0
|9 12559
|a BRACUL
|b BRACUL
|c GEN
|d 2010-10-19
|e Dhansere Library
|g 6958.00
|l 0
|o 579 TOR
|p 3010017139
|r 2010-10-19
|t 1
|w 2010-10-19
|y BK
|x Requisitioned by Professor Naiyyum Choudhury
|
| 952 |
|
|
|0 0
|1 0
|2 ddc
|4 0
|6 579_000000000000000_TOR
|7 0
|9 76732
|a SCL
|b SCL
|c GEN
|d 2024-10-22
|e Savar Campus Library
|l 0
|o 579 TOR
|p 3020043594
|r 2024-10-22
|t 2
|w 2024-10-22
|y BK
|x Price not available in register.
|
| 952 |
|
|
|0 0
|1 0
|2 ddc
|4 0
|6 579_000000000000000_TOR
|7 0
|9 76733
|a SCL
|b SCL
|c GEN
|d 2024-10-22
|e Savar Campus Library
|l 1
|m 4
|o 579 TOR
|p 3020043595
|r 2025-09-14
|s 2025-06-21
|t 3
|w 2024-10-22
|y BK
|x Price not available in register.
|